Gaming Quiz

Random Gaming or Video Games Quiz

Street Fighter Character Stances Quiz Stats

 Plays Quiz Updated Sep 17, 2014

Challenge
Share
Tweet
Score 0/16 Timer 05:00
0 Plays Today
% Correct
Ryu
98.6%
Ken Masters
87.4%
M. Bison
83.3%
Chun-Li
80.9%
Guile
80.6%
Blanka
76.6%
Vega
76.5%
Zangief
75.7%
% Correct
E. Honda
75.5%
Dhalsim
70%
Sagat
66.7%
Balrog
62.9%
Akuma
59.7%
Dee Jay
47.5%
T. Hawk
47.5%
Fei Long
40.5%

You're not logged in!

Compare scores with friends on all Sporcle quizzes.
Join for Free
OR
Log In

You Might Also Like...

Show Comments

Extras

Top Quizzes Today


Score Distribution

Your Account Isn't Verified!

In order to create a playlist on Sporcle, you need to verify the email address you used during registration. Go to your Sporcle Settings to finish the process.

Report this User

Report this user for behavior that violates our Community Guidelines.

Details: